Nursing Care Quality Assessment and Quality Assessment Indicators

Saved in:
Bibliographic Details
Main Author: Bandžáková, Daniela
Other Authors: Rosocha, Ladislav
Format: Book Chapter
Language:English
Subjects:
Tags: Add Tag
No Tags, Be the first to tag this record!

MARC

LEADER 00000nla a2200000 4500
001 0240645
005 20240502073921.3
041 0 |a eng 
044 |a SK 
245 1 0 |a Nursing Care Quality Assessment and Quality Assessment Indicators  |c Daniela Bandžáková, Ladislav Rosocha 
500 |a Abstrakt 
610 2 0 |a starostlivosť o zdravie 
610 2 0 |a ukazovatele kvalitatívne 
610 2 0 |a zdravie 
610 2 0 |a lekári 
610 2 0 |a ošetrovateľstvo 
100 1 |a Bandžáková, Daniela 
700 1 |a Rosocha, Ladislav